000 00296nam a2200121Ia 4500
100 _aDoyle/John M.
942 _cBK
654 _aDigital switching timing circuits
245 _aDigital Switching & Timing Circuits
260 _bDuxbury Press
_aCalfornia
_c1976
546 _aENGLISH
999 _c29127
_d29127